000 00696nam a2200289Ia 4500
005 20260324125646.0
008 008 260324s9999 xx 000 0 eng d
020 _a9780203886946
037 _aEBOOK
040 _aCRL
040 _beng
040 _cCRL
041 _2eng
041 _aeng
084 _qCRL
100 _aRex Li
_91085215
245 2 _aA Rising China and Security in East Asia
245 0 _bIdentity Construction and Security Discourse
260 _bTaylor and Francis
260 _c2008
365 _a
365 _b150
856 _uhttp://www.taylorfrancis.com/books/9780203886946
942 _cEBOOK
999 _c1774293
_d1774293